[Event "4NCL Online Division 4"]
[Site "online"]
[Date "2021.03.23"]
[EventDate "2021.03.23"]
[Round "5.63"]
[White "Bailey, Adrian"]
[WhiteElo "1709"]
[WhiteTeam "Cheshire Cats"]
[Black "Hall, John"]
[BlackElo "2063"]
[BlackTeam "Spirit of Atticus B"]
[Result "0-1"]
[PlyCount "104"]

1. Nf3 Nf6 2. d4 c5 3. d5 d6 4. c4 e6 5. Nc3 exd5 6. cxd5 g6 7. Bg5 h6 8. Bh4 Bg7 9. e4 O-O 10. Be2 a6 11. a4 Re8 12. Qc2 Nbd7 13. O-O g5 14. Bg3 Nf8 15. Nd2 Ng6 16. f4 gxf4 17. Bxf4 Bg4 18. Nc4 Bxe2 19. Qxe2 Nxf4 20. Rxf4 Qe7 21. a5 Nd7 22. Raf1 Rf8 23. Qf3 Ne5 24. Nxe5 Bxe5 25. Rg4+ Kh8 26. Qh3 Kh7 27. Rf5 Rg8 28. Rh4 Rg6 29. Rfh5 Bd4+ 30. Kh1 Qf6 31. Rf5 Qg7 32. Rhf4 f6 33. Ne2 Rg8 34. g3 Bxb2 35. Rh4 Be5 36. Nf4 Bxf4 37. Rhxf4 Re8 38. Qf1 Re5 39. Rxe5 dxe5 40. Rf3 Qe7 41. Qb1 Qd7 42. Rb3 Rg7 43. Rb6 Rf7 44. Re6 Qa4 45. Qe1 c4 46. Qf1 Kg7 47. Qf5 c3 48. Qg4+ Kf8 49. Qh5 Qxe4+ 50. Kg1 Qe3+ 51. Kg2 Qg5 52. Qd1 Qd2+ 0-1

[Event "4NCL Online Division 4"]
[Site "online"]
[Date "2021.03.23"]
[EventDate "2021.03.23"]
[Round "5.64"]
[White "White, Colin"]
[WhiteElo "1628"]
[WhiteTeam "Spirit of Atticus B"]
[Black "Cox, Paul"]
[BlackElo "1590"]
[BlackTeam "Cheshire Cats"]
[Result "0-1"]
[PlyCount "142"]

1. d4 d5 2. Bf4 Nf6 3. e3 Bf5 4. Bd3 Bxd3 5. Qxd3 e6 6. Nf3 Be7 7. Nbd2 O-O 8. Ne5 c5 9. dxc5 Bxc5 10. Nb3 Bd6 11. Nd4 a6 12. c3 Qc7 13. Ndf3 Ne4 14. Qd4 f6 15. Nd3 Nc6 16. Bxd6 Nxd6 17. Qg4 e5 18. Qe6+ Kh8 19. Nc5 Ne7 20. Nd7 Rfe8 21. Nxf6 gxf6 22. Qxf6+ Kg8 23. Qe6+ Nf7 24. h4 Rad8 25. h5 Qd7 26. Qxf7+ Kxf7 27. Nxe5+ Kf6 28. Nxd7+ Rxd7 29. O-O-O Nc6 30. Rd2 Rg8 31. f3 Ke6 32. Rhd1 Ne5 33. b3 b5 34. f4 Ng4 35. e4 Nf6 36. exd5+ Rxd5 37. Rxd5 Nxd5 38. Re1+ Kf6 39. c4 bxc4 40. bxc4 Nxf4 41. Rf1 Ke5 42. Kc2 Rxg2+ 43. Kb3 Rh2 44. c5 Rxh5 45. c6 Nd5 46. Rc1 Kd6 47. Ka4 Nc7 48. a3 Rc5 49. Rh1 h5 50. Rg1 Kxc6 51. Rg6+ Kb7 52. Kb4 Rc1 53. Rh6 Rh1 54. Ka5 h4 55. Rb6+ Kc8 56. Rc6 h3 57. Rh6 h2 58. a4 Kd7 59. Rh3 Kd6 60. Rh8 Ke5 61. Rh3 Kf4 62. Kb6 Rb1+ 63. Kxc7 h1=Q 64. Rxh1 Rxh1 65. Kb6 Rh6+ 66. Ka5 Ke4 67. Kb4 Kd5 68. Ka5 Rc6 69. Kb4 Rc5 70. a5 Rb5+ 71. Ka4 Kc5 0-1

[Event "4NCL Online Division 4"]
[Site "online"]
[Date "2021.03.23"]
[EventDate "2021.03.23"]
[Round "5.71"]
[White "Marshall, John R"]
[WhiteElo "1682"]
[WhiteTeam "Temple Sutton"]
[Black "Milnes, Anthony C P"]
[BlackElo "1933"]
[BlackTeam "Maidenhead 1"]
[Result "0-1"]
[PlyCount "128"]

1. d4 e6 2. c4 f5 3. Nc3 Nf6 4. Bg5 Bb4 5. e3 O-O 6. Ne2 b6 7. a3 Be7 8. Ng1 Bb7 9. Nf3 d6 10. Be2 Nbd7 11. O-O Ne4 12. Bxe7 Qxe7 13. Nd2 Nxc3 14. bxc3 e5 15. f4 exf4 16. exf4 Qe3+ 17. Kh1 Qxc3 18. Nf3 Qe3 19. Qd2 Rae8 20. Bd3 Bxf3 21. Qxe3 Bxg2+ 22. Kxg2 Rxe3 23. Rf3 Rxf3 24. Kxf3 g6 25. Re1 Nf6 26. c5 Re8 27. Rc1 dxc5 28. dxc5 Rd8 29. Bc4+ Kg7 30. cxb6 cxb6 31. Bb5 a5 32. Rc7+ Kh6 33. Rc6 Ne4 34. Rxb6 Rd5 35. Be2 Rc5 36. a4 Rc3+ 37. Kg2 Rc2 38. Kf1 Ra2 39. Bb5 Rxh2 40. Kg1 Rf2 41. Bc6 Rxf4 42. Rb5 Rg4+ 43. Kh2 Nd2 44. Rxa5 f4 45. Ra7 f3 46. Bb5 f2 47. Rf7 f1=Q 48. Bxf1 Nxf1+ 49. Rxf1 Rxa4 50. Kg3 g5 51. Rf6+ Kg7 52. Rc6 h5 53. Rc7+ Kg6 54. Rc6+ Kf7 55. Rc7+ Ke6 56. Rc6+ Kd5 57. Rg6 Ra3+ 58. Kg2 Ra2+ 59. Kg1 g4 60. Rg5+ Ke4 61. Rxh5 Kf3 62. Rb5 Ra1+ 63. Kh2 g3+ 64. Kh3 Rh1# 0-1

[Event "4NCL Online Division 4"]
[Site "online"]
[Date "2021.03.23"]
[EventDate "2021.03.23"]
[Round "5.72"]
[White "Smith, Nigel D"]
[WhiteElo "1884"]
[WhiteTeam "Maidenhead 1"]
[Black "Perks, Gary M"]
[BlackElo "1577"]
[BlackTeam "Temple Sutton"]
[Result "1-0"]
[PlyCount "51"]

1. d4 d5 2. c4 e6 3. Nc3 Nf6 4. cxd5 Nxd5 5. e4 Nxc3 6. bxc3 c6 7. Nf3 Nd7 8. Bd3 h5 9. O-O Nf6 10. e5 Nd5 11. c4 Nb6 12. a4 Bb4 13. a5 Nd7 14. Bg5 Qc7 15. Qa4 Be7 16. Rfe1 Qd8 17. Bd2 Nc5 18. Qc2 Nxd3 19. Qxd3 g5 20. Bc3 g4 21. Nd2 c5 22. d5 exd5 23. cxd5 Be6 24. d6 Bf8 25. Ne4 Bg7 26. Nxc5 1-0

[Event "4NCL Online Division 4"]
[Site "online"]
[Date "2021.03.23"]
[EventDate "2021.03.23"]
[Round "5.73"]
[White "Pool, Melvin R"]
[WhiteElo "1579"]
[WhiteTeam "Temple Sutton"]
[Black "Iyengar, Srihari R"]
[BlackElo "1873"]
[BlackTeam "Maidenhead 1"]
[Result "0-1"]
[PlyCount "144"]

1. e4 e5 2. Nf3 Nc6 3. Bb5 Nd4 4. Ba4 Nf6 5. c3 Nxf3+ 6. Qxf3 Bc5 7. d3 h6 8. Be3 b6 9. Bxc5 bxc5 10. Qg3 O-O 11. Qxe5 Re8 12. Qxc5 Nxe4 13. dxe4 Rxe4+ 14. Kd1 Rxa4 15. Re1 Ra6 16. Qe7 Qxe7 17. Rxe7 Kf8 18. Re3 Bb7 19. g3 Rb6 20. b4 a5 21. bxa5 Rxa5 22. Nd2 Rb2 23. Nc4 Raxa2 24. Rxa2 Rxa2 25. Ke1 d6 26. h4 Ba6 27. Nxd6 cxd6 28. f4 Bc4 29. g4 f6 30. g5 hxg5 31. fxg5 fxg5 32. hxg5 g6 33. Re4 Bd3 34. Rd4 Bf5 35. Rxd6 Ke7 36. Rd2 Rxd2 37. Kxd2 Kd6 38. Ke3 Kc5 39. Kf4 Kc4 40. Kg3 Kxc3 41. Kf4 Kd4 42. Kg3 Ke3 43. Kh4 Be6 44. Kg3 Ke4 45. Kh4 Kf5 46. Kg3 Kxg5 47. Kh2 Kf4 48. Kg2 Bd5+ 49. Kf2 g5 50. Kg1 Kg3 51. Kf1 g4 52. Kg1 Be4 53. Kf1 Kh2 54. Kf2 g3+ 55. Ke3 Ba8 56. Kf4 g2 57. Ke5 g1=R 58. Kd6 Re1 59. Kc7 Rd1 60. Kb8 Rc1 61. Ka7 Kg3 62. Kb8 Kf4 63. Ka7 Rb1 64. Ka6 Ke5 65. Ka7 Kd5 66. Ka6 Kc5 67. Ka7 Kc6 68. Kxa8 Ra1+ 69. Kb8 Rh1 70. Ka7 Rb1 71. Ka8 Kc7 72. Ka7 Ra1# 0-1

[Event "4NCL Online Division 4"]
[Site "online"]
[Date "2021.03.23"]
[EventDate "2021.03.23"]
[Round "5.74"]
[White "Mashayekh, Majid"]
[WhiteElo "1827"]
[WhiteTeam "Maidenhead 1"]
[Black "Clancy, Mark"]
[BlackElo "1485"]
[BlackTeam "Temple Sutton"]
[Result "0-1"]
[PlyCount "52"]

1. Nf3 Nc6 2. d4 d5 3. g3 Nf6 4. Bg2 e6 5. O-O Bd7 6. Nbd2 Bd6 7. c4 O-O 8. c5 Be7 9. Qb3 Rb8 10. a3 Re8 11. Qc2 h6 12. Ne5 Nxd4 13. Qd3 Bxc5 14. b4 Bb5 15. Qb1 Nxe2+ 16. Kh1 Bd4 17. Bb2 Nc3 18. Qc2 Bxf1 19. Rxf1 Bxe5 20. Bxc3 Bxc3 21. Qxc3 Qe7 22. Rc1 c6 23. Qd4 a6 24. f4 Rbc8 25. Nf3 Rcd8 26. Ne5 Qd6 0-1

[Event "4NCL Online Division 4"]
[Site "online"]
[Date "2021.03.23"]
[EventDate "2021.03.23"]
[Round "5.81"]
[White "Shaw, David K"]
[WhiteElo "1641"]
[WhiteTeam "Watford 3"]
[Black "Gajdosz, Marek"]
[BlackElo "1932"]
[BlackTeam "Darnall & Handsworth"]
[Result "1/2-1/2"]
[PlyCount "111"]

1. d4 d5 2. Bf4 c5 3. e3 a6 4. c3 Nc6 5. Nd2 Nf6 6. Bd3 Bg4 7. Ngf3 e6 8. h3 Bh5 9. O-O Be7 10. Qb1 Bg6 11. Ne5 Nxe5 12. dxe5 Nd7 13. Nf3 Bxd3 14. Qxd3 c4 15. Qc2 Nc5 16. Rfd1 Qc7 17. b4 Nd3 18. Ne1 Nxe5 19. e4 O-O-O 20. exd5 Nf3+ 21. Nxf3 Qxf4 22. dxe6 fxe6 23. Rxd8+ Rxd8 24. Nd4 Bd6 25. g3 Qf6 26. Qxh7 g6 27. Qh6 Be5 28. Rd1 Bb8 29. Qc1 Ba7 30. Rd2 Bxd4 31. cxd4 Rxd4 32. Rxd4 Qxd4 33. Qc2 c3 34. Kf1 Qc4+ 35. Qe2 Qc6 36. Qc2 b5 37. a3 Qc4+ 38. Ke1 Kd7 39. h4 Kd6 40. f3 Ke5 41. Qe2+ Qxe2+ 42. Kxe2 Kd4 43. g4 c2 44. Kd2 Ke5 45. Kxc2 Kf4 46. Kd3 Kxf3 47. h5 gxh5 48. g5 e5 49. g6 e4+ 50. Kd2 Kf2 51. g7 e3+ 52. Kd3 e2 53. g8=Q e1=Q 54. Qf7+ Kg3 55. Qxh5 Qf1+ 56. Qe2 1/2-1/2

[Event "4NCL Online Division 4"]
[Site "online"]
[Date "2021.03.23"]
[EventDate "2021.03.23"]
[Round "5.82"]
[White "Brennan, Oliver"]
[WhiteElo "1687"]
[WhiteTeam "Darnall & Handsworth"]
[Black "Hylands, Keith"]
[BlackElo "1423"]
[BlackTeam "Watford 3"]
[Result "0-1"]
[PlyCount "72"]

1. e4 e5 2. f4 exf4 3. Bc4 d6 4. d4 Nf6 5. Nc3 Be7 6. Nf3 Bg4 7. O-O Be6 8. d5 Bg4 9. Bxf4 Nbd7 10. Be2 O-O 11. h3 Bxf3 12. Bxf3 Ne5 13. Be2 c6 14. Qd4 Qb6 15. Rad1 Qxd4+ 16. Rxd4 Rfd8 17. a4 c5 18. Rdd1 a6 19. Bxe5 dxe5 20. a5 Rd6 21. Rf5 Nd7 22. Rdf1 Rf6 23. Bg4 Rd8 24. Be2 Rc8 25. Bc4 Bd6 26. Ne2 Rxf5 27. Rxf5 f6 28. Nc3 Nf8 29. Na4 Nd7 30. b3 Kh8 31. Rf1 Bc7 32. d6 Bxa5 33. Be6 Rd8 34. Rd1 b5 35. Bxd7 Rxd7 36. Nb2 Bc3 0-1

[Event "4NCL Online Division 4"]
[Site "online"]
[Date "2021.03.23"]
[EventDate "2021.03.23"]
[Round "5.83"]
[White "Nokes, Oliver"]
[WhiteElo "1270"]
[WhiteTeam "Watford 3"]
[Black "Holroyd-Doveton, Nathaniel"]
[BlackElo "1642"]
[BlackTeam "Darnall & Handsworth"]
[Result "0-1"]
[PlyCount "92"]

1. e4 e6 2. Nf3 d5 3. e5 c5 4. d4 Nc6 5. Bb5 Bd7 6. O-O Rc8 7. c3 cxd4 8. cxd4 Nge7 9. Bg5 Qb6 10. Bxc6 Nxc6 11. b3 Be7 12. Qd2 Bxg5 13. Qxg5 O-O 14. Qe3 Ne7 15. Nbd2 Nf5 16. Qf4 Bb5 17. Rfc1 Be2 18. g4 Ne7 19. h4 Rc6 20. h5 Rfc8 21. Re1 Bxf3 22. Nxf3 Qd8 23. Ng5 Qf8 24. Rec1 Rxc1+ 25. Rxc1 Rxc1+ 26. Qxc1 h6 27. Nf3 Qc8 28. Qa3 Nc6 29. Kg2 Qf8 30. Qxf8+ Kxf8 31. Kf1 Ke7 32. Ke2 f6 33. Kd3 fxe5 34. dxe5 Nb4+ 35. Kd4 Nxa2 36. g5 Nc1 37. b4 b6 38. g6 a5 39. bxa5 bxa5 40. Kc3 a4 41. Nd4 a3 42. Kc2 a2 43. Kb2 Nd3+ 44. Kxa2 Nxf2 45. Kb3 Nd3 46. Nf3 Nf4 0-1

[Event "4NCL Online Division 4"]
[Site "online"]
[Date "2021.03.23"]
[EventDate "2021.03.23"]
[Round "5.84"]
[White "Oughton, John M"]
[WhiteElo "1138"]
[WhiteTeam "Darnall & Handsworth"]
[Black "Ramesh, Karthik R"]
[BlackElo "1281"]
[BlackTeam "Watford 3"]
[Result "1/2-1/2"]
[PlyCount "117"]

1. e4 d6 2. Nf3 e5 3. Bc4 Nf6 4. Nc3 Bg4 5. h3 Bh5 6. Be2 Be7 7. Nh2 Bg6 8. Bd3 Nbd7 9. O-O Nc5 10. Qf3 O-O 11. Re1 c6 12. b4 Ne6 13. Bc4 Nd4 14. Qd1 b5 15. Bb3 Bh5 16. f3 Qb6 17. Kh1 Bg6 18. d3 Nh5 19. Nf1 Bh4 20. Re3 Bf2 21. a4 Bxe3 22. Bxe3 Nf4 23. axb5 cxb5 24. Nd5 Nxd5 25. Bxd5 Rac8 26. Rc1 Qd8 27. c3 Ne6 28. Bxa7 Qh4 29. Bxe6 fxe6 30. Qe2 Bh5 31. Bf2 Qf4 32. Be3 Qh4 33. Kh2 Rc7 34. Ng3 g5 35. Nxh5 Qxh5 36. Qd2 Rg7 37. g4 Qg6 38. Rf1 h5 39. Qe2 hxg4 40. fxg4 Rgf7 41. Rxf7 Rxf7 42. Kg2 d5 43. Bc5 Qf6 44. Be3 Rc7 45. Bc5 Kg7 46. Qd2 Kg6 47. Qe3 Qf4 48. Qe1 Rd7 49. Be3 Qf6 50. Qe2 d4 51. cxd4 exd4 52. Bf2 e5 53. Bg3 Rc7 54. Qa2 Qc6 55. Qg8+ Rg7 56. Qf8 Qc2+ 57. Bf2 Rf7 58. Qg8+ Kf6 59. Qh8+ 1/2-1/2

[Event "4NCL Online Division 4"]
[Site "online"]
[Date "2021.03.23"]
[EventDate "2021.03.23"]
[Round "5.91"]
[White "O'Neill, Richard"]
[WhiteElo "1605"]
[WhiteTeam "Harrow 3"]
[Black "Whatmore, Steve"]
[BlackElo "1810"]
[BlackTeam "Rugeley Rangers"]
[Result "0-1"]
[PlyCount "102"]

1. d4 Nf6 2. Nc3 d5 3. e4 dxe4 4. f3 exf3 5. Nxf3 Bg4 6. h3 Bxf3 7. Qxf3 c6 8. Be3 e6 9. O-O-O Nbd7 10. Bf4 Nb6 11. Bh2 Bd6 12. Bxd6 Qxd6 13. Ne4 Nxe4 14. Qxe4 Qd5 15. Qxd5 Nxd5 16. Kd2 O-O-O 17. c4 Nf6 18. Ke3 c5 19. Be2 cxd4+ 20. Rxd4 Rxd4 21. Kxd4 Rd8+ 22. Ke3 b6 23. b3 Kc7 24. Bf3 Rd6 25. Rc1 Nd7 26. Rd1 Rxd1 27. Bxd1 Kd6 28. Ke4 Nc5+ 29. Ke3 Ke5 30. Bc2 f5 31. b4 Nb7 32. g3 g5 33. Bd1 Nd6 34. Kd3 Ne4 35. g4 Nf2+ 36. Ke2 Nxd1 37. Kxd1 Kd4 38. gxf5 exf5 39. c5 bxc5 40. b5 Kc4 41. a4 Kb4 42. a5 Kxb5 43. Kc1 Kxa5 44. Kb1 g4 45. Ka1 g3 46. Kb1 g2 47. Ka1 g1=Q+ 48. Ka2 Kb4 49. Kb2 Qf2+ 50. Ka1 Kb3 51. h4 Qb2# 0-1

[Event "4NCL Online Division 4"]
[Site "online"]
[Date "2021.03.23"]
[EventDate "2021.03.23"]
[Round "5.92"]
[White "Carr, Matthew"]
[WhiteElo "1688"]
[WhiteTeam "Rugeley Rangers"]
[Black "Barr, Joseph"]
[BlackElo "1495"]
[BlackTeam "Harrow 3"]
[Result "0-1"]
[PlyCount "102"]

1. d4 Nf6 2. Nf3 g6 3. Bf4 Bg7 4. e3 O-O 5. Bd3 d6 6. Nbd2 c5 7. c3 Nc6 8. O-O a6 9. Re1 b5 10. e4 Nd7 11. e5 dxe5 12. dxe5 Nb6 13. Be4 Bb7 14. Bxc6 Bxc6 15. Qe2 Qc7 16. Bg3 Qb7 17. Nb3 Bxf3 18. Qxf3 Qxf3 19. gxf3 Rac8 20. Rad1 c4 21. Nd4 e6 22. f4 Na4 23. Re2 Nc5 24. Nc2 Rfd8 25. Red2 Rxd2 26. Rxd2 Bf8 27. Kf1 Be7 28. Ne1 Kf8 29. Nf3 h5 30. h4 Rd8 31. Rxd8+ Bxd8 32. Nd4 Nd3 33. b3 Ba5 34. b4 Bb6 35. Nc6 Ke8 36. Ke2 Kd7 37. Nb8+ Kc7 38. Nxa6+ Kb7 39. Nc5+ Bxc5 40. bxc5 Kc6 41. a3 Kxc5 42. f3 Kb6 43. Bf2+ Ka5 44. Be3 Ka4 45. Bd2 Kxa3 46. Ke3 Kb2 47. Kd4 Kc2 48. Ke3 Kd1 49. f5 exf5 50. f4 Nc5 51. Kd4 Nb3+ 0-1

[Event "4NCL Online Division 4"]
[Site "online"]
[Date "2021.03.23"]
[EventDate "2021.03.23"]
[Round "5.93"]
[White "Nettleton, Robin"]
[WhiteElo "1393"]
[WhiteTeam "Harrow 3"]
[Black "Sullivan, Luke"]
[BlackElo "1571"]
[BlackTeam "Rugeley Rangers"]
[Result "0-1"]
[PlyCount "42"]

1. d4 Nf6 2. Bf4 d6 3. e3 Bf5 4. Bd3 Bg6 5. Ne2 e6 6. O-O Be7 7. c4 Nbd7 8. b4 c5 9. b5 cxd4 10. exd4 Rc8 11. a4 O-O 12. a5 e5 13. dxe5 dxe5 14. Bg5 Bc5 15. Nbc3 Qc7 16. Na4 Rcd8 17. Bxf6 Nxf6 18. Nb2 e4 19. Bc2 Rxd1 20. Rfxd1 e3 21. f3 Bxc2 0-1

[Event "4NCL Online Division 4"]
[Site "online"]
[Date "2021.03.23"]
[EventDate "2021.03.23"]
[Round "5.94"]
[White "Wood, Ryan"]
[WhiteElo "1428"]
[WhiteTeam "Rugeley Rangers"]
[Black "Walker, David J R"]
[BlackElo "1264"]
[BlackTeam "Harrow 3"]
[Result "1-0"]
[PlyCount "97"]

1. d4 d5 2. Bf4 e6 3. e3 Nd7 4. Nd2 c5 5. c3 Ngf6 6. Bd3 Be7 7. Ngf3 O-O 8. Ne5 Nxe5 9. dxe5 Ne4 10. Nxe4 dxe4 11. Bxe4 Qb6 12. Qc2 g6 13. O-O Bd7 14. Rfd1 Rfd8 15. Rd2 Bc6 16. Rad1 Bxe4 17. Qxe4 Qxb2 18. Rxd8+ Bxd8 19. h3 Ba5 20. Rb1 Qd2 21. Qxb7 Rd8 22. Bg5 Rd3 23. Qxa7 Bd8 24. Bxd8 Rxd8 25. Qxc5 Qxa2 26. Qb4 Rd2 27. Qb3 Qa6 28. Qb5 Qa2 29. Qb3 Qa6 30. c4 Qc6 31. Qb5 Qe4 32. Qb3 Qxe5 33. Qb8+ Qxb8 34. Rxb8+ Kg7 35. c5 Kf6 36. c6 Rc2 37. Rb6 Ke7 38. Rb7+ Kd6 39. Rxf7 Rxc6 40. Rxh7 e5 41. Kh2 Kd5 42. Kg3 e4 43. Rh6 Rf6 44. h4 Ke5 45. h5 Kf5 46. Rxg6 Rxg6+ 47. hxg6 Kxg6 48. Kf4 Kf6 49. Kxe4 1-0

[Event "4NCL Online Division 4"]
[Site "online"]
[Date "2021.03.23"]
[EventDate "2021.03.23"]
[Round "5.101"]
[White "Kairat, Alexander"]
[WhiteElo "1657"]
[WhiteTeam "Woking Warriors"]
[Black "Lonsdale, Jon I"]
[BlackElo "1922"]
[BlackTeam "Manchester Manticores 2"]
[Result "0-1"]
[PlyCount "96"]

1. e4 c5 2. Nf3 Nc6 3. Nc3 e5 4. d3 Nf6 5. Be2 Be7 6. O-O O-O 7. h3 d5 8. exd5 Nxd5 9. Nxd5 Qxd5 10. Be3 Rd8 11. b3 Kh8 12. Bg5 f6 13. Be3 Be6 14. Nh2 Rac8 15. Bf3 Qd7 16. Qe2 Nd4 17. Qd2 Nxf3+ 18. Nxf3 b5 19. a3 Qc7 20. c4 bxc4 21. bxc4 Bxc4 22. Qc3 Bxd3 23. Rfd1 e4 24. Ne1 c4 25. Nxd3 exd3 26. g3 Bd6 27. Kh2 Be5 28. Qd2 Bxa1 29. Rxa1 c3 30. Qd1 Qa5 31. h4 d2 32. Qc2 Qh5 33. Rd1 Qxd1 34. Qxd1 c2 35. Qf3 d1=Q 36. Qb7 c1=Q 37. Bxc1 Rxc1 38. Kh3 Qd7+ 39. Qxd7 Rxd7 40. g4 Rd3+ 41. Kg2 g5 42. h5 h6 43. f3 Rc2+ 44. Kg3 Rcc3 45. Kg2 Rxf3 46. Kh2 Rf2+ 47. Kg1 Rb2 48. Kf1 Rc1# 0-1

[Event "4NCL Online Division 4"]
[Site "online"]
[Date "2021.03.23"]
[EventDate "2021.03.23"]
[Round "5.102"]
[White "Green, Tom D A"]
[WhiteElo "1868"]
[WhiteTeam "Manchester Manticores 2"]
[Black "Seet, Joshua"]
[BlackElo "1246"]
[BlackTeam "Woking Warriors"]
[Result "1-0"]
[PlyCount "109"]

1. e4 c6 2. d4 d5 3. Nc3 dxe4 4. Nxe4 Nf6 5. Nxf6+ exf6 6. Nf3 Bf5 7. Bd3 Bg6 8. O-O Be7 9. Bxg6 hxg6 10. Bf4 Nd7 11. c4 Nb6 12. Qd3 Qd7 13. a3 Na4 14. b4 Nb6 15. Rfe1 O-O 16. Qb3 Bd6 17. Bxd6 Qxd6 18. c5 Qd5 19. Qc2 Nd7 20. Re7 Rad8 21. Rae1 b6 22. Qe4 Qxe4 23. R1xe4 bxc5 24. dxc5 Ne5 25. Rxa7 Rd1+ 26. Ne1 Nd3 27. Kf1 Rd8 28. Rae7 Nxe1 29. Rxe1 R1d3 30. Re8+ Rxe8 31. Rxe8+ Kh7 32. Re3 Rd1+ 33. Ke2 Rb1 34. Rd3 g5 35. Rd6 Rb2+ 36. Ke3 Rb3+ 37. Rd3 Rb2 38. h3 Kg6 39. g3 f5 40. Rd6+ f6 41. Rxc6 Rb3+ 42. Ke2 Rb2+ 43. Kf3 Rb3+ 44. Kg2 Rxa3 45. b5 Ra5 46. b6 Rb5 47. Rc7 g4 48. b7 Kh6 49. c6 Rb6 50. Rc8 gxh3+ 51. Kxh3 g5 52. b8=Q g4+ 53. Kh4 Rb1 54. Rh8+ Kg6 55. Qg8# 1-0

[Event "4NCL Online Division 4"]
[Site "online"]
[Date "2021.03.23"]
[EventDate "2021.03.23"]
[Round "5.103"]
[White "Wicks, Alexander"]
[WhiteElo "1258"]
[WhiteTeam "Woking Warriors"]
[Black "Potter, Steven"]
[BlackElo "1833"]
[BlackTeam "Manchester Manticores 2"]
[Result "0-1"]
[PlyCount "32"]

1. e4 e6 2. d4 b6 3. c4 Bb7 4. Nc3 Bb4 5. Bd3 f5 6. exf5 Bxg2 7. Qh5+ Kf8 8. fxe6 Qe8 9. Qf5+ Nf6 10. Bg5 Bxc3+ 11. bxc3 Qxe6+ 12. Ne2 Qxf5 13. Bxf5 Bxh1 14. O-O-O Bf3 15. Bd3 Nc6 16. Rh1 Bxh1 0-1

[Event "4NCL Online Division 4"]
[Site "online"]
[Date "2021.03.23"]
[EventDate "2021.03.23"]
[Round "5.104"]
[White "Sheppard, Daniel C"]
[WhiteElo "1869"]
[WhiteTeam "Manchester Manticores 2"]
[Black "Seet, Leanne"]
[BlackElo "1050"]
[BlackTeam "Woking Warriors"]
[Result "1-0"]
[PlyCount "41"]

1. d4 d5 2. Nc3 Nf6 3. Bf4 Nc6 4. Nb5 e6 5. Nxc7+ Ke7 6. Nxa8 b5 7. Nc7 a6 8. a4 b4 9. e3 Nh5 10. Qxh5 g6 11. Qh4+ f6 12. Nf3 Kf7 13. Bd3 g5 14. Qh5+ Kg8 15. Nxg5 fxg5 16. Qxg5+ Bg7 17. Qxd8+ Bf8 18. Qxc8 h5 19. Qxe6+ Kg7 20. Qxc6 a5 21. Qg6# 1-0

[Event "4NCL Online Division 4"]
[Site "online"]
[Date "2021.03.23"]
[EventDate "2021.03.23"]
[Round "5.111"]
[White "Rizvi, Nasir"]
[WhiteElo "2021"]
[WhiteTeam "4 Gems"]
[Black "Monga, Kanav"]
[BlackElo "1655"]
[BlackTeam "Warwickshire Bears B"]
[Result "1-0"]
[PlyCount "41"]

1. d4 d5 2. Nc3 e6 3. Bf4 a6 4. e3 c5 5. dxc5 Bxc5 6. Nf3 Nc6 7. Bd3 Nf6 8. O-O O-O 9. e4 d4 10. Nb1 Re8 11. e5 Nd5 12. Bxh7+ Kxh7 13. Ng5+ Kg8 14. Qh5 Nxf4 15. Qxf7+ Kh8 16. Qxf4 Kg8 17. Qf7+ Kh8 18. Qh5+ Kg8 19. Qh7+ Kf8 20. Qh8+ Ke7 21. Qxg7# 1-0

[Event "4NCL Online Division 4"]
[Site "online"]
[Date "2021.03.23"]
[EventDate "2021.03.23"]
[Round "5.112"]
[White "Lacoult, Maxime"]
[WhiteElo "1600"]
[WhiteTeam "Warwickshire Bears B"]
[Black "Whelan, Joseph"]
[BlackElo "1515"]
[BlackTeam "4 Gems"]
[Result "1-0"]
[PlyCount "142"]

1. b3 e5 2. Bb2 Nc6 3. e3 d5 4. Bb5 Bd7 5. Bxc6 Bxc6 6. Bxe5 Nf6 7. Nf3 Be7 8. Nc3 O-O 9. O-O Bd6 10. d4 Re8 11. a4 a6 12. Re1 Bb4 13. Bxf6 Qxf6 14. Qd3 Qh6 15. Red1 Bxc3 16. Qxc3 Re4 17. Ne5 Re8 18. g3 Re6 19. Re1 R4xe5 20. dxe5 d4 21. exd4 Qh3 22. f3 Rh6 23. Re2 Qf5 24. Rf2 Rg6 25. Qd3 Qc8 26. c4 Qh3 27. d5 Bd7 28. e6 fxe6 29. dxe6 Rxe6 30. Rd1 c6 31. Rfd2 Re7 32. Qd6 Rf7 33. Qb8+ Rf8 34. Qxb7 Be6 35. Qxc6 Bf7 36. Rd8 Qe6 37. Rxf8+ Kxf8 38. Rd8+ Ke7 39. Qxe6+ Kxe6 40. c5 Bh5 41. g4 Bf7 42. Rd6+ Ke5 43. b4 Be6 44. f4+ Kxf4 45. Rxe6 g5 46. Rxa6 h6 47. Rxh6 Kf3 48. h3 Kg3 49. b5 Kf3 50. a5 Kg3 51. a6 Kf3 52. a7 Kg3 53. b6 Kf3 54. b7 Kg3 55. c6 Kf3 56. c7 Kg3 57. Rh5 Kf3 58. Kh2 Kf2 59. Rxg5 Ke1 60. Rf5 Ke2 61. h4 Ke1 62. h5 Ke2 63. h6 Ke1 64. h7 Ke2 65. Kg3 Ke1 66. g5 Ke2 67. g6 Ke1 68. Rf2 Kd1 69. g7 Ke1 70. h8=N Kd1 71. g8=N Ke1 1-0

[Event "4NCL Online Division 4"]
[Site "online"]
[Date "2021.03.23"]
[EventDate "2021.03.23"]
[Round "5.113"]
[White "Gogia, Abeer"]
[WhiteElo "1413"]
[WhiteTeam "4 Gems"]
[Black "Wong, Tristan"]
[BlackElo "1586"]
[BlackTeam "Warwickshire Bears B"]
[Result "0-1"]
[PlyCount "72"]

1. e4 Nc6 2. d4 d5 3. Nc3 dxe4 4. d5 Ne5 5. Nxe4 Bf5 6. Bb5+ c6 7. dxc6 Qxd1+ 8. Kxd1 bxc6 9. Bd3 Rd8 10. Ke2 Nxd3 11. cxd3 e6 12. Be3 a6 13. Nf3 Be7 14. Rac1 Nf6 15. Rxc6 Nxe4 16. dxe4 Bxe4 17. Rc3 Bb4 18. Rb3 a5 19. a3 Bc2 20. axb4 Bxb3 21. bxa5 Bc4+ 22. Ke1 O-O 23. Bb6 Rd5 24. b4 Rc8 25. Nd2 Bb5 26. Nb3 Rc3 27. f3 Rxb3 28. Kf2 Rxb4 29. Rc1 h6 30. Rc8+ Kh7 31. Ra8 Rb2+ 32. Kg3 Rg5+ 33. Kh3 Rbxg2 34. a6 e5 35. a7 Bd7+ 36. Kh4 Rxh2# 0-1

[Event "4NCL Online Division 4"]
[Site "online"]
[Date "2021.03.23"]
[EventDate "2021.03.23"]
[Round "5.114"]
[White "Amir, Zain"]
[WhiteElo "1425"]
[WhiteTeam "Warwickshire Bears B"]
[Black "Rizvi, Aysha"]
[BlackElo "1241"]
[BlackTeam "4 Gems"]
[Result "1-0"]
[PlyCount "67"]

1. c4 c5 2. Nc3 Nc6 3. g3 g6 4. Bg2 Bg7 5. e3 Nf6 6. Nge2 O-O 7. O-O e6 8. d4 cxd4 9. exd4 d5 10. cxd5 exd5 11. Bg5 Be6 12. Qd2 Qd7 13. Nf4 Ne4 14. Nxe4 dxe4 15. Nxe6 Qxe6 16. d5 Qd6 17. dxc6 Qxd2 18. Bxd2 bxc6 19. Bxe4 Rac8 20. Rac1 Rfd8 21. Be3 Bxb2 22. Rxc6 Rb8 23. Bxa7 Ra8 24. Rc7 Rac8 25. Rxc8 Rxc8 26. Rb1 Bg7 27. a4 Rc4 28. Rb8+ Bf8 29. Bf3 Kg7 30. a5 Ra4 31. Bb6 Ra1+ 32. Kg2 Rb1 33. Bd4+ Kg8 34. Rxb1 1-0

[Event "4NCL Online Division 4"]
[Site "online"]
[Date "2021.03.23"]
[EventDate "2021.03.23"]
[Round "5.121"]
[White "Douse, Terry"]
[WhiteElo "1467"]
[WhiteTeam "St Albans 2"]
[Black "Johnson, Derek R"]
[BlackElo "2020"]
[BlackTeam "Crowthorne 1"]
[Result "0-1"]
[PlyCount "76"]

1. b4 e6 2. Bb2 Nf6 3. b5 c6 4. bxc6 Nxc6 5. e3 b6 6. Nf3 Bb7 7. Be2 Be7 8. O-O O-O 9. a3 d5 10. c4 Rc8 11. cxd5 Nxd5 12. Nc3 Bf6 13. Rb1 Nxc3 14. dxc3 Qe7 15. Qc1 Na5 16. a4 Be4 17. Ba3 Qc7 18. Bxf8 Bxb1 19. Qxb1 Rxf8 20. Nd4 Qxc3 21. Rc1 Qa3 22. Bb5 Bxd4 23. exd4 Qd6 24. Rd1 Rc8 25. Qe4 g6 26. g3 Rd8 27. Rd3 Qb4 28. Qe5 Rd5 29. Qb8+ Kg7 30. Qxa7 Rxb5 31. axb5 Qb1+ 32. Kg2 Qxd3 33. Qxb6 Nb3 34. Qa7 Qxb5 35. Qa3 Qd5+ 36. Kg1 Nxd4 37. Qe3 e5 38. Kf1 Qh1# 0-1

[Event "4NCL Online Division 4"]
[Site "online"]
[Date "2021.03.23"]
[EventDate "2021.03.23"]
[Round "5.122"]
[White "Taylor, Mark V"]
[WhiteElo "1841"]
[WhiteTeam "Crowthorne 1"]
[Black "Claret, Ray R"]
[BlackElo "1468"]
[BlackTeam "St Albans 2"]
[Result "1-0"]
[PlyCount "101"]

1. d4 d5 2. Nc3 c6 3. e4 dxe4 4. Nxe4 Bf5 5. Ng3 Bd7 6. Nf3 Nf6 7. Bd3 Bg4 8. c3 e6 9. h3 Bxf3 10. Qxf3 Be7 11. O-O Nbd7 12. Re1 O-O 13. Bd2 Nb6 14. Rad1 Qd7 15. Qe2 Qd5 16. b3 Rad8 17. Bc1 Qd7 18. Bb2 Nbd5 19. Bb1 Rfe8 20. Qf3 Bd6 21. c4 Nc7 22. Ne4 Nxe4 23. Rxe4 f5 24. Ree1 Qf7 25. g3 Rf8 26. Kg2 a6 27. a3 Be7 28. Bc2 Rd6 29. Bc3 Rd7 30. Rd2 Bg5 31. Rde2 Re8 32. h4 Bf6 33. Qf4 h6 34. Rd2 g5 35. Qf3 Kh8 36. hxg5 Bg7 37. Rh1 Qf8 38. d5 Kg8 39. Bxg7 Qxg7 40. gxh6 Qf6 41. d6 Na8 42. c5 Rf8 43. Rdd1 Rff7 44. Rh4 Rh7 45. Re1 Rxh6 46. Rxh6 Qxh6 47. Bxf5 Rf7 48. Qg4+ Rg7 49. Bxe6+ Kh8 50. Qf5 Qg5 51. Rh1+ 1-0